000 01414nam0a22002651 4500
001 rc\4553923
005 20250612115159.0
021 _aRU
_b[65-6141]
035 _a(NLR Aleph) 008643274
090 _a8955809
_c8955809
100 _a20130416d1965 |||y0rusy50 ca
101 0 _arus
102 _aRU
105 _ay z |||||
200 1 _aРекомендации Строительной секции конференции "Ленинградские ученые и производственники в борьбе за технический прогресс". Ленинград, 21-22 октября 1964 г.
_fЛенингр. пром. обл. ком. КПСС. Ленингр. обл. совет науч.-техн. обществ. Ленингр. правл. Науч.-техн. о-ва строит. индустрии
210 _a[Ленинград
_cБ. и.
_d1965]
215 _a15 с.
_d20
606 _aСтроительство
_yЛенинградская область
_2psbo
710 1 2 _a"Ленинградские ученые и производственники в борьбе за технический прогресс", научно-техническая конференция
_eЛенинград
_f1964
_9813924
_3RU\NLR\AUTH\880573878
801 0 _aRU
_bNLR
_gpsbo
801 1 _aRU
_bELAR
_2rusmarc
852 _aNLR
_j65-4/1752
942 _cBOOK
980 _aNB